|
|
|
|
| LEADER |
00000nab a2200000ua 4500 |
| 001 |
vtls010841969 |
| 003 |
SK-MaSNL |
| 005 |
20260303103731.0 |
| 008 |
230121s1968 xo |||||||||||||||||cze| |
| 035 |
|
|
|a (urnnbn)urn:nbn:sk:snk:ar-a06yw5
|
| 035 |
|
|
|a urn:nbn:sk:snk-ab64ec
|
| 035 |
|
|
|a (uuid)c2907147-6074-4e84-9c65-7bb41ac6e4ab
|
| 040 |
|
|
|a SNKBUCL
|b slo
|c SNKBUCL
|e AACR2
|
| 041 |
0 |
|
|a cze
|
| 044 |
|
|
|a xo
|c SK
|
| 100 |
1 |
|
|a Uhrecký, Ignác
|4 aut
|9 728726
|
| 245 |
1 |
0 |
|a PŘÍSPĚVEK K POZNÁNÍ TEPLOTNÍCH A SRÁŽKOVÝCH POMĚRŮ POHOŘELIC U BRNA
|c Ignác Uhrecký, Zdeněk Smolík
|
| 700 |
1 |
|
|a Smolík, Zdeněk
|4 aut
|9 1117687
|
| 773 |
0 |
|
|t Meteorologické zprávy
|g Roč. 21, č. 2 (1968), s. 39-42
|
| 954 |
|
|
|a odborná, vedecká literatúra cudzojazyčná (svetová)
|2 lita
|
| 958 |
|
|
|a OND
|
| 958 |
|
|
|a EUIPO
|
| 958 |
|
|
|a article5
|
| 999 |
|
|
|c 1851613
|d 1853543
|